| 000 | 00527nam a2200181 a 4500 | ||
|---|---|---|---|
| 001 | 3189 | ||
| 003 | CDMR | ||
| 005 | 20130314181646.0 | ||
| 008 | 130130s1989||||||||||||||||||||||||||||d | ||
| 020 | _a844045953X | ||
| 040 |
_aCDMR _bcat _cCPC GIRONA |
||
| 100 | 1 |
_aCosta i Fernández, Lluís _9647 |
|
| 245 | 1 | 0 |
_aPremsa i societat a la Girona franquista _cLluís Costa |
| 260 |
_bDiputació de Barcelona _a[Barcelona] |
||
| 260 |
_c1989 _bCol.legi de Periodistes de Catalunya |
||
| 490 | 0 |
_aVaixells de Paper _v6 |
|
| 942 |
_cMON _2udc |
||
| 999 |
_c3189 _d3189 |
||